Investovanie do zmiešaných podielových fondov diplomová práca

Na minha lista:
Detalhes bibliográficos
Autor principal: Ilašenková, Lucia
Autor Corporativo: Fakulta podnikového manažmentu EU. Katedra podnikových financií
Outros Autores: Kmeťko, Miroslav, 1969-
Formato: Livro
Idioma:eslovaco
Publicado em: Bratislava 2009
Tags: Adicionar Tag
Sem tags, seja o primeiro a adicionar uma tag!

MARC

LEADER 00000nam$a2200000$$$4500
001 0101410
005 20240319124541.9
041 0 |a slo 
044 |a SK 
245 1 0 |a Investovanie do zmiešaných podielových fondov  |b diplomová práca  |c Lucia Ilašenková ; škol. Miroslav Kmeťko 
264 1 |a Bratislava  |c 2009 
300 |a 75 s. 
100 1 |a Ilašenková, Lucia 
700 1 |a Kmeťko, Miroslav, 1969- 
710 2 |a Fakulta podnikového manažmentu EU. Katedra podnikových financií